000
002780000a22001330004500
020
_a
1-4003-0422-9
082
0
4
_a
TD L962b
100
1
_a
Lucado, Max
245
1
0
_a
Buginnings / Max Lucado's
260
_a
Nashville: Tommy Nelson
300
_a
26 p.
001
471
942
_c
LGB
999
_c
47694
_d
47694